Rappers by letter - A - Statistics

General Stats
  • This quiz has been taken 63 times
    38 since last reset
  • The average score is 7 of 30
Answer Stats
Year of birth Years Active Popular Songs Artist / Rapper % Correct
1975. 1992- Hey Ya!, Ms. Jackson, B.O.B. André 3000
80%
1988. 2007- Praise The Lord, Fuckin Problems, L$D ASAP Rocky
80%
1988. 2007- Shabba, New Level, Plain Jane ASAP Ferg
63%
1995. 2016- Drowning, Swervin, Look Back At It A Boogie Wit Da Hoodie
60%
1973. 1996- Smack That, Lonely, Right Now Akon
53%
1988. 2006- Bugatti, Hustle Hard, Welcome To My Hood Ace Hood
33%
1972. 1993- The Format, Problems, Save Them AZ
33%
1983. 2008- Baby Blue, Actin Crazy, Easy Rider Action Bronson
30%
1986. 2009- Leave The Door Open, Bubblin, Come Down Anderson .Paak
30%
1994. 2014- Caroline, Reel It On, REDMERCEDES Aminé
27%
1979. 1989-2001 Are you that somebody, At your best, One in a Million Aaliyah
23%
1994. 2009- Ladbroke Groove, Thiago Silva, Butterflies AJ Tracey
23%
1976. 1996- None Shall Pass, Zero Dark Thirty, Daylight/Nightlight Aesop Rock
20%
1974. 1987- Because I Got High, Colt 45, Crazy Rap Afroman
20%
1987. 2003- Terrorist Threats, Turn Me Up, D.R.U.G.S. Ab Soul
17%
1985. 2005- I love college, G.R.I.N.D., Last Man Standing Asher Roth
17%
1991. 2009- 212, The Big Big Beat, Luxury Azealia Banks
13%
1999. 2016- Taste, Straight Rymez 1, Buss Down Aitch
10%
1979. 1995- The Man, I Need A Dollar, SOS Aloe Blacc
10%
2002. 2021- Oliver Twist, Flowers, Come & Go ArrDee
10%
1980. 2001- Mesmerize, Foolish, Baby Ashanti
10%
1990. 2011- Trillmatic, Ghost Ride, Blowin Minds ASAP Nast
7%
1996. 2014- Daisy, Stupid, Slumber Party Ashnikko
7%
1994. 2014- Sex n Drugs, Letter For God, Somebody To Love Abhi The Nomad
3%
1997. 2015- Ten, I Dare, Psycho Adamn Killa
3%
1998. 2015- Chopsticks, No Hook, Takin Off Almighty Jay
3%
1993. 2008- Energy, Boasy, Higher Power Avelino
3%
1989. 2011- Love n Hennessy, To The Light, La Duena A. Chal
0%
1996. 2015- Pull Up, Nunnadet Shit, Tweakin Asian Doll
0%
1998. 2017- One Way, Still the same, No new friends Autumn
0%
No matching quizzes found
Score Distribution
Percent of People with Each Score
Percentile by Number Answered
Your Score History
You have not taken this quiz since the last reset